Der "Ausländereinsatz" im Gesundheitswesen (1939 - 1945). - Stuttgart : Steiner. - 2009 [Rezension]
| Titel: | Der "Ausländereinsatz" im Gesundheitswesen (1939 - 1945). - Stuttgart : Steiner. - 2009 [Rezension] |
|---|---|
| Verfasser: | |
| In: |
Jahrbuch für Regionalgeschichte, Band 28 (2010), Seite 204-205 alle Artikel anzeigen |
| Veröffentlicht: | 2010 |
| Format: | Aufsatz |
| Sprache: | Deutsch |
X
alg: 39507063 001A $01999:12-11-16 001B $01999:04-08-21 $t21:03:49.000 001D $01999:12-11-16 001U $0utf8 001X $00 002@ $0Aox 003@ $0395070635 007A $0395070635 $aHEB 007T $0Herdc0078526m 010@ $ager 011@ $a2010 021A $aDer @"Ausländereinsatz" im Gesundheitswesen (1939 - 1945). - Stuttgart : Steiner. - 2009 [Rezension] 028A $aVossen $dJohannes 031A $d28 $h204-205 $j2010 039B $aIn $8--Abvc--. Jahrbuch für Regionalgeschichte. - Stuttgart : Steiner, 1965-. - ISSN 1860-8248 $x201000000280000796 $9046840451 039T $8--Aau--. Der @"Ausländereinsatz" im Gesundheitswesen (1939 - 1945). - Stuttgart : Steiner, 2009. - 284 S.. - graph. Darst.. - ISBN 978-3-515-09201-2 $9213673584 045F $a900.9437 $eDDC23BSB 045F/01 $a900 045F/03 $g437 045T $a8,1 lok: 39507063 78 exp: 39507063 78 1 #EPN 201B/01 $018-11-16 $t13:39:29.000 201U/01 $0utf8 203@/01 $0791369277 208@/01 $a12-11-16 $be 209A/01 $a/ $f000 $x00 220C/01 $aTitelaufnehmer: pg 220C/01 $aHerkunft: HI Marburg 244Z/01 $2Trx $#Kesk- ja Ida- Euroopa kontseptsioonid $#Vidurio Europos koncepcijos $#East-Central Europe $#Keletközépeurópa-eszmék $#Europa Środkowo-Wschodnia koncepcje $#Európa stredovýchodná koncepcie $#Evropa střední, východní část koncepce $#Mitteleuropa $#Osteuropakonzeptionen $#Europa Środkowa koncepcje $#Stredná Európa koncepcie $#Střední Europa koncepce $8--Trx--Ostmitteleuropakonzeptionen $x01 $9391364286 244Z/01 $2Trx $#arvustused $#recenzijos $#Reviews $#recenziók $#recenzje $#recenzie $#recenze $8--Trx--Rezensionen $x02 $9391357441 247C/01 $82080>Marburg/Lahn, Herder-Institut, Forschungsbibliothek, Bibliographieportal $9336309341
| LEADER | 00000caa a22000002c 4500 | ||
|---|---|---|---|
| 001 | 395070635 | ||
| 003 | DE-603 | ||
| 005 | 20210804210349.0 | ||
| 007 | tu | ||
| 008 | 161112s2010 xx |||| | u00||u|ger c | ||
| 035 | |a (DE-599)HEB395070635 | ||
| 040 | |a DE-603 |b ger |c DE-603 |d DE-603 | ||
| 041 | |a ger | ||
| 082 | 0 | 4 | |8 1\u |a 900.9437 |q DE-101 |2 23/BSB |
| 084 | |a 8,1 |2 ssgn | ||
| 085 | |8 1\u |b 900 | ||
| 085 | |8 1\u |z 2 |s 437 | ||
| 100 | 1 | |a Vossen, Johannes | |
| 245 | 0 | 0 | |a Der "Ausländereinsatz" im Gesundheitswesen (1939 - 1945). - Stuttgart : Steiner. - 2009 [Rezension] |
| 264 | 0 | |c 2010 | |
| 773 | 0 | 8 | |i In |t Jahrbuch für Regionalgeschichte |d Stuttgart : Steiner, 1965- |x 1860-8248 |g Band 28 (2010), Seite 204-205 |w (DE-603)046840451 |w (DE-600)2629-3 |
| 787 | 0 | 8 | |i Rezension von |t Der "Ausländereinsatz" im Gesundheitswesen (1939 - 1945) |d Stuttgart : Steiner, 2009 |h 284 S., graph. Darst. |z 9783515092012 |w (DE-603)213673584 |
| 924 | 0 | |9 2080 |a (DE-603)791369277 |b DE-2080 |c HES |d d |g / | |


